000 00960nam a2200241 a 4500
001 000025375
005 20200930023737.0
008 110215s1969 sp ad r 000 0 spa d
040 _aDO-SdBNP
_bspa
_cBNPHU
082 _aNNN
_bS761f
100 1 _aSpitzer, Lyman
_951948
240 1 0 _aPhysics of fully ionized gases
_lEspañol.
245 1 0 _aFísica de los gases totalmente ionizados /
_cLyman Spitzer ; versión española de Francisco Sánchez Quesada.
260 _aMadrid :
_bAlhambra,
_c1969.
300 _aix, 171 p. :
_bil., diagrs ;
_c20 cm.
490 1 _aExedra. Sección ll. Física (4)
_aCiencia técnica ingeniería
_v44
534 _aTítulo original
_tPhysics of fully ionized gases
500 _aIncluye apéndice
504 _aIncluye referencias bibliográficas al pie de las páginas
700 1 _aSánchez Quesada, Francisco
_951949
830 0 _aExedra. Sección ll. Física (4)
_pCiencia técnica ingeniería
_v44
_951950
049 _aBNGR
999 _c24867
_d24867